000 00775nam a2200229 a 4500
001 000024432
005 20200930023154.0
008 110127s1986 ag r 001 0 spa d
020 _a9509097527
040 _aDO-SdBNP
_bspa
_cBNPHU
041 1 7 _aspa
_heng
_2Código de idiomas MARC
082 _ann*
_bnn*
100 1 _aHorowitz, Ruth.
_950087
240 1 0 _aHonor and the american dream.
_lEspañol
245 1 0 _aCultura, honor e identidad en una comunidad chicana /
_cRuth Horowitz ; traducción de Anibal Leal.
260 _aBuenos Aires :
_bFraterna,
_c1986.
300 _a367 p. ;
_c20 cm.
534 _aTítulo del original en inglés :
_tHonor and the american dream
504 _aBibliografía : 347-365 p.
700 1 _aLeal, Anibal,
_etr.
_94573
049 _aBNGR
999 _c23925
_d23925